| 000 | 00405nam a2200121Ia 4500 | ||
|---|---|---|---|
| 008 | 220216s9999 xx 000 0 und d | ||
| 100 | _aMadhusoodanan K N | ||
| 245 | 0 | _aTechnological and processing properties of natural rubber layered silicate-nanocomposites by melt intercalation process | |
| 260 |
_bJournal of Applied Polymer Science _c2006 |
||
| 300 | _a2537-43 | ||
| 700 | _aVarghese S | ||
| 942 | _cBS | ||
| 999 |
_c51592 _d51592 |
||